000 01652nam a2200313 i 4500
003 OSt
005 20230827120108.0
008 220207t20222022maua er 001 0|eng d
020 _a9781647820107
_cRM141.00
_qhardback
040 _aPPAK
_beng
_cPPAK
_erda
082 0 4 _223
_a658.514
090 0 0 _a658.514
_bLEO
_dG
100 1 _aLeonardi, Paul M.,
_d1979-
_eauthor.
245 1 0 _aTHE DIGITAL MINDSET :
_bWhat It Really Takes to Thrive in the Age of Data, Algorithms, and AI /
_cPAUL LEONARDI & TSEDAL NEELEY
264 1 _aBoston :
_bHarvard Business Review Press,
_c2022
264 4 _c©2022
300 _aviii, 249 pages :
_billustrations ;
_c24 cm
336 _atext
_2rdacontent
337 _aunmediated
_2rdamedia
338 _avolume
_2rdacarrier
504 _aIncludes bibliographical references and index.
520 _a The digital revolution is here. It's changing how work gets done, how industries are structured, and how people from all walks of life work, behave, and relate to each other. To thrive in a world driven by data and powered by algorithms, we must learn to see, think, and act in new ways. We need to develop a digital mindset. But what does that mean? This book introduces three approaches -- Collaboration, Computation, and Change -- that you need for a digital mindset and the perspectives and actions within each approach that will enable you to develop the digital skills you need.
650 1 0 _aTechnological innovations
650 2 0 _aComputer literacy
650 2 0 _aArtificial intelligence
650 2 0 _aSuccess in business
700 1 _aNeeley, Tsedal,
_eauthor.
942 _2ddc
_cB
999 _c192887
_d192887